Manual de anatomía dental (Registro nro. 529)
[ vista simple ]
| 000 -Cabecera | |
|---|---|
| Campo de control de longitud fija | 00795aam a2200301 4500 |
| 005 - Fecha y hora de la última transacción | |
| Campo de control | 20251031115500.0 |
| 008 - Elementos de longitud fija--Información general | |
| Campo de control de longitud fija | 150805b1993 xxu||||| |||| 00| 0 spa d |
| 020 ## - International Standard Book Number | |
| Número Internacional Estándar del Libro (ISBN) | 9681845420 |
| 041 ## - Idioma | |
| Código de idioma | Español |
| 082 ## - Clasificación Decimal Dewey | |
| Número de clasificación | 611.314 D537m2 |
| 100 ## - Entrada principal--Autor personal | |
| Nombre personal | Diamond, Moses |
| 245 ## - Título propiamente dicho | |
| Título | Manual de anatomía dental |
| 260 ## - Pie de imprenta | |
| Lugar de publicación, distribución, etc. | México |
| 260 ## - Pie de imprenta | |
| Nombre del editor, distribuidor, etc. | Editorial Limusa |
| 260 ## - Pie de imprenta | |
| Fecha de publicación, distribución, etc. | 1993 |
| 300 ## - Descripción física | |
| Otras características físicas | Tomo I , II y III |
| 300 ## - Descripción física | |
| Otras características físicas | Ilustraciones a blanco y negro |
| 490 ## - Serie | |
| Título de la Serie | Mecánica Dental |
| 650 ## - Materia general | |
| Temática (materia general) | ANATOMÍA DENTAL |
| 650 ## - Materia general | |
| Temática (materia general) | MORFOLOGÍA DENTAL |
| 650 ## - Materia general | |
| Temática (materia general) | DESARROLLO DENTAL |
| 650 ## - Materia general | |
| Temática (materia general) | TEJIDOS DENTALES |
| 650 ## - Materia general | |
| Temática (materia general) | ERUPCIÓN DENTALES |
| 650 ## - Materia general | |
| Temática (materia general) | OCLUSIÓN |
| 650 ## - Materia general | |
| Temática (materia general) | ANATOMÍA DE CABEZA Y CUELLO |
| 650 ## - Materia general | |
| Temática (materia general) | ARTICULACIÓN TEMPOROMANDIBULAR |
| 942 ## - Punto de acceso adicional KOHA | |
| Tipo de ítem KOHA | Libro |
| Fuente del sistema de clasificación o colocación | Dewey Decimal Classification |
| Signatura completa | Código de barras | Programa Académico | Tipo de ítem |
|---|---|---|---|
| 611.314 D537m2 | 1184 | Mecánica Dental | Libro |
| 611.314 D537m2 | 1182 | Mecánica Dental | Libro |
| 611.314 D537m2 | 1183 | Mecánica Dental | Libro |